100 Most Common Catalan Words - Statistics

General Stats
  • This quiz has been taken 119 times
  • The average score is 28 of 100
Answer Stats
# Length Answer % Correct
291367 1 a
93%
34669 1 s'
92%
326966 1 i
90%
198913 1 l'
89%
164187 1 d'
88%
315887 2 el
86%
421377 2 la
84%
36068 1 o
84%
34956 2 no
78%
626390 2 de
72%
9185 2 se
72%
6865 2 si
70%
123030 3 per
66%
89761 2 es
65%
62136 2 és
65%
179132 2 en
63%
119696 3 les
62%
8074 2
62%
106875 2 un
60%
172717 3 que
59%
89504 2 al
52%
111406 3 els
51%
21411 2 ha
51%
89218 3 una
49%
96761 3 amb
47%
60231 3 com
43%
16704 2 on
43%
11923 4 quan
42%
14490 3 des
40%
18370 2 hi
40%
163997 2 va
39%
10857 3 dos
36%
7260 4 tres
36%
145958 3 del
35%
39485 3 ser
35%
15282 3 cap
32%
13669 3 tot
28%
7971 4 està
27%
9455 3 fer
26%
18945 3 són
26%
23499 4 però
25%
43856 3 més
24%
7386 3 pot
24%
9041 2 li
23%
17652 3 pel
21%
25240 5 entre
20%
11482 2 ja
18%
11189 4 molt
18%
6917 3 han
17%
6585 4 sota
17%
21308 6 aquest
16%
6335 4 això
15%
17553 7 aquesta
15%
19929 4 fins
15%
38700 3 seu
15%
11931 5 sobre
15%
36615 3 van
15%
21966 3 als
14%
56790 4 dels
14%
8146 6 contra
13%
6865 4 dues
13%
21704 7 després
12%
15968 3 era
12%
9064 4 així
10%
11361 5 havia
10%
10447 3 nom
10%
8418 4 pels
10%
15410 4 gran
9%
12513 4 qual
9%
6359 4 lloc
8%
23744 5 també
8%
16893 6 durant
7%
8724 4 sant
7%
19162 3 any
5%
8681 6 encara
4%
15788 4 part
4%
31020 4 seva
4%
7148 5 temps
4%
6273 9 Barcelona
3%
7005 4 fill
3%
6880 5 només
3%
10565 6 primer
3%
15551 4 anys
2%
15322 6 ciutat
2%
7852 6 mateix
2%
11069 3 rei
2%
14132 4 seus
2%
15562 6 altres
1%
12755 5 estat
1%
29316 3 fou
1%
6536 7 general
1%
11853 6 guerra
1%
7376 4 nord
1%
8333 7 primera
1%
12215 5 segle
1%
8199 5 seves
1%
6157 6 alguns
0%
7724 5 forma
0%
6142 6 govern
0%
8052 6 partit
0%
No matching quizzes found
Score Distribution
Percent of People with Each Score
Percentile by Number Answered
Your Score History
You have not taken this quiz